Irazú

Đã lưu trong:
Chi tiết về thư mục
Tác giả chính: Hurtado, Gerardo César
Định dạng: Sách
Ngôn ngữ:Undetermined
Được phát hành: San José, Costa Rica Ministerio de Cultura, Juventud y Deportes 1972
Những chủ đề:
Các nhãn: Thêm thẻ
Không có thẻ, Là người đầu tiên thẻ bản ghi này!

MARC

LEADER 00000nam a2200000Ia 4500
008 170316s9999 xx 000 0 und d
040 |a cru BVZT 
090 |a 868 H-4i 
100 |a Hurtado, Gerardo César 
245 |a Irazú 
260 |a San José, Costa Rica 
260 |b Ministerio de Cultura, Juventud y Deportes 
260 |c 1972 
300 |a 123 páginas 
650 |a LITERATURA COSTARRICENSE 
999 |c 11206  |d 11206 
942 |c 15 D  |h 868 H-4i  |2 z